Private rental market statistics (Record no. 84253)

MARC details
000 -LEADER
fixed length control field 00904cad a22002055a 4500
001 - CONTROL NUMBER
control field L157067
008 - FIXED-LENGTH DATA ELEMENTS--GENERAL INFORMATION
fixed length control field 120828e20120823xxk 000 0 eng d
035 ## - SYSTEM CONTROL NUMBER
System control number (Sirsi) u157067
041 0# - LANGUAGE CODE
Language code of text/sound track or separate title eng
110 2# - MAIN ENTRY--CORPORATE NAME
Corporate name or jurisdiction name as entry element Valuation Office Agency
9 (RLIN) 3141
245 00 - TITLE STATEMENT
Title Private rental market statistics
Remainder of title England only[electronic resource]
260 ## - PUBLICATION, DISTRIBUTION, ETC.
Date of publication, distribution, etc. 2012
490 ## - SERIES STATEMENT
Series statement Private Rental Market Statistics
Volume/sequential designation 23 August 2012
520 ## - SUMMARY, ETC.
Summary, etc. Presents the mean (average), median, lower quartile, and upper quartile gross monthly rent paid for a number of bedroom/room categories for each Local Authority in England for the 12 months to the end of June 2012.
590 ## - LOCAL NOTE (RLIN)
Local note KA
651 #4 - SUBJECT ADDED ENTRY--GEOGRAPHIC NAME
Geographic name England
690 ## - LOCAL SUBJECT ADDED ENTRY--TOPICAL TERM (OCLC, RLIN)
Topical term or geographic name as entry element Residential property
9 (RLIN) 6266
856 40 - ELECTRONIC LOCATION AND ACCESS
Uniform Resource Identifier <a href="https://www.voa.gov.uk/corporate/statisticalReleases/120823_PrivateResidentialRentalMarketStatistics.html">https://www.voa.gov.uk/corporate/statisticalReleases/120823_PrivateResidentialRentalMarketStatistics.html</a>
Public note View this item free of charge at www.voa.gov.uk
942 ## - ADDED ENTRY ELEMENTS (KOHA)
Suppress in OPAC 0
Holdings
Withdrawn status Lost status Source of classification or shelving scheme Damaged status Not for loan Home library Current library Shelving location Date acquired Total Checkouts Full call number Barcode Date last seen Copy number Price effective from Koha item type
    Dewey Decimal Classification     Virtual Virtual Online 28/08/2012   ONLINE PUBLICATION 157067-2001 06/08/2019 1 06/08/2019 Journal article